000
00293nam a2200109Ia 4500
008
190914s9999||||xx |||||||||||||| ||und||
100
_a
Sumantra. A.Bartlett
245
0
_a
Transnational Management text case and reading
260
_a
New York
_b
McGraw Hill
_c
1998
300
_a
611
942
_c
BK
999
_c
8907
_d
8907